00225nam a2200085Ia 4500008004100000100002200041245002900063250000800092260003900100191201s2014 xx 000 0 und d aPETERSEN, Richard 0aComplete reference Linux aRep c2014bTata mc Graw HillaNEW DELHI